| 000 | 00637nam a2200229 a 4500 | ||
|---|---|---|---|
| 001 | 17653 | ||
| 003 | CO-ViMGA | ||
| 008 | 141112s2004 ck r 000 u spa d | ||
| 020 | _a8472901076 | ||
| 040 |
_aCO-ViMGA _bspa _cCO-ViMGA |
||
| 082 | 0 | 4 | _a306 M177s |
| 100 | 1 |
_aMartiniello, Marco _925046 |
|
| 245 | 1 | 0 | _aSalir de los guetos culturales |
| 260 |
_aBarcelona (España), _cBellaterra, _c1998 |
||
| 300 | _a109.p. | ||
| 590 | _aForma de adquisición : Premio - Mincultura | ||
| 650 | 1 | 4 | _aCULTURA |
| 650 | 1 | 4 |
_aIDENTIDAD CULTURAL _921849 |
| 650 | 1 | 4 |
_aMULTICULTURALISMO _925047 |
| 650 | 1 | 4 |
_aNACIONALISMO _925048 |
| 942 |
_2ddc _cBK |
||
| 999 |
_c27142 _d27142 |
||